Random Harry Potter Quiz - Statistics

General Stats
  • This quiz has been taken 24 times
  • The average score is 13 of 15
Answer Stats
Hint Answer % Correct
How old must you be for the Trace to be removed? 17
100%
How many siblings does Ron have? 6
100%
Who was on Harry’s first Chocolate Frog card? Albus Dumbledore
100%
Which magical schools attend the Triwizard Tournament? Name one Beauxbatons/Durmstrang/Hogwarts
100%
What magical creature kidnapped Dolores Umbridge? Centaur
100%
What is the name of Hermione’s cat? Crookshanks
100%
What profession did Hermione’s parents have? Dentist
100%
What object of Ravenclaw’s became a Horcrux? Diadem
100%
What’s worse that being killed, in the words of Hermione? Expelled
100%
What werewolf mauled Bill in the sixth book? Fenrir Greyback
100%
What goblin showed Harry through Gringotts in the first book? Griphook
100%
What is Voldemort’s middle name? Marvolo
100%
What character was killed by the basilisk? Moaning Myrtle
100%
What was the name of Voldemort’s snake? Nagini
100%
Who was the head of the Gryffindor Quidditch Team in book one? Oliver Wood
100%
Who disguised as Scabbers the rat? Peter Pettigrew
100%
Which clothing object did Harry use to free Dobby? Sock
100%
Who is the Slytherin house ghost? The Bloody Baron
100%
What is the name of the Weasly’s house? The Burrow
100%
What is the name of the portrait guarding the Gryffindor Common Room? The Fat Lady
100%
What horse-like creature can only be seen by those who witnessed death? Thestral
100%
What object of Gryffindor can be used to destroy Horcruxes? The Sword of Gryffindor
100%
What was the name of Harry’s uncle? Vernon
100%
Name one of the Carrow siblings Alecto/Amycus
86%
Who was killed in the Battle of Seven Potters? Mad-Eye Moody
86%
What dark arts shop housed a Vanishing Cabnet? Borgin and Burkes
83%
Who told the story of the deathly hallows to Harry, Ron, and Hermione? Xenophelius Lovegood
80%
Who served as the DADA teacher in the second book? Gilderoy Lockhart
75%
Who blasted off George’s ear? Severus Snape
75%
What species of owl was Hedwig? Snowy Owl
75%
What all-wizarding town houses the Shrieking Shack? Hogsmeade
67%
Name Sirius’s house elf Kreacher
67%
Who is the innkeeper of the Hog’s Head? Aberforth Dumbledore
50%
What wandmaker made Viktor Krum’s wand? Gregorovitch
40%
What annoying Hufflepuff character doubted Harry in the fifth book? Zacharius Smith
0%
No matching quizzes found
Score Distribution
Percent of People with Each Score
Percentile by Number Answered
Your Score History
You have not taken this quiz